Diseños y métodos de investigación en traducción

Saved in:
Bibliographic Details
Main Author: Rojo, Ana
Format: Unknown
Language:English
Published: Madrid, España Síntesis 2013
Subjects:
Tags: Add Tag
No Tags, Be the first to tag this record!

MARC

LEADER 00000 a2200000 4500
003 CL-VaPUC
005 20210506143054.0
008 200114b ||||| |||| 00| 0 eng d
999 |c 1677  |d 1677 
020 |a 9788499589664 
040 |c Pontificia Universidad Católica de Valparaíso 
082 |a 418.02 ROJ 2013 
100 1 |a Rojo, Ana  |9 424 
245 1 0 |a Diseños y métodos de investigación en traducción 
260 |a Madrid, España  |b Síntesis  |c 2013 
300 |a 216 páginas  
583 |k Sandra Vasquez  |c 20200114 
650 0 0 |a Traducción e interpretación  |9 315998 
650 0 0 |a Métodos de investigación   |9 262618 
650 0 0 |a Investigación lingüística  |9 329785 
942 |2 ddc  |c BK 
952 |0 0  |1 0  |2 ddc  |4 0  |6 418_020000000000000_ROJ_2013  |7 0  |8 A  |9 495880  |a BIBEDU  |b BIBEDU  |d 2020-01-08  |e 52  |g 27007.00  |i 557188K  |l 9  |m 8  |o 418.02 ROJ 2013   |p 557188K  |r 2023-10-02  |s 2023-09-11  |t 1  |v 27007.00  |w 2020-01-08  |y BK  |k CIT